| 000 | 00508nam a22001697a 4500 | ||
|---|---|---|---|
| 005 | 20251108165930.0 | ||
| 008 | 250721s9999 xx 000 0 ara d | ||
| 082 | 1 | 4 | _aط/372.218/ترب |
| 245 | 1 | 0 |
_aالتربية الدينية : _bالجزء التمهيدي / |
| 264 | 1 |
_aعمان : _bمكتبة الرائد العلمية، _c[19-]. |
|
| 300 | _a32ص | ||
| 650 | 1 | 7 | _aرياض الاطفال |
| 650 | 1 | 7 | _aالإسلام |
| 650 | 1 | 7 | _aدراسة و تدريس |
| 942 |
_2ddc _cBK |
||
| 999 |
_c35173 _d35173 |
||